00931nam a22002417a 4500003000500000008004100005020001400046040000800060041001300068082002000081245005800101250002000159260004600179300003100225336002700256337003300283338002900316505019600345650002800541650003900569650003900608700004200647BPGM260626n mx ob||g |||| 000 0 spa d a0187-5760 bspa aspahspa04a861MbP3485/S53 aLA SIERRA GORDA ULTIMO BASTION DEL AGUILA Y EL JAGUAR aPRIMERA EDICION aMEXICO bGOBIERNO DEL ESTADO DE QUERETARO a60 paginas c31 cm x 27 cm 2rdacontentatextobtxt 2rdamediaasin mediaciónbn 2rdacarrieravolumen bnc aes una obra poética y fotográfica que celebra la riqueza natural y cultural de la Sierra Gorda, destacando al jaguar y al águila real como símbolos de fuerza, libertad y resistencia.  2LITERATURA Y RETÓRICA 2LITERATURA ESPAÑOLA Y PORTUGUESA 2LITERATURA ESPAÑOLA Y PORTUGUESA aRIVERO TORRES, JOSE MANUELeIMAGENES